[Event "Bruges op-B"]
[Site "Bruges"]
[Date "2022.08.16"]
[Round "5"]
[White "Gjymshana, Erik"]
[Black "Turicar, Goran"]
[Result "0-1"]
[WhiteElo "1507"]
[BlackElo "1749"]
[PlyCount "52"]
[EventDate "2022.08.13"]
[EventType "swiss"]
[EventRounds "9"]
[EventCountry "BEL"]
[SourceTitle "CBM 209 Extra"]
[Source "ChessBase"]
[SourceDate "2022.09.30"]
[SourceVersion "1"]
[SourceVersionDate "2022.09.30"]
[SourceQuality "1"]

1. f4 c5 2. Nf3 e6 3. g3 Nf6 4. Bg2 Nc6 5. 0-0 d5 6. d3 Be7 7. c3 0-0 8. Na3 Qb6 9. Nc2 Re8 10. Qe1 Bd6 11. e4 e5 12. fxe5 Nxe5 13. Nxe5 Bxe5 14. Kh1 dxe4 15. dxe4 Bd7 16. Qf2 Bb5 17. Re1 Bd3 18. Na3 Qc6 19. Bf4 c4 20. Bxe5 Rxe5 21. Rf1 Bxf1 22. Rxf1 a6 23. Qd4 Rae8 24. Nxc4 Rxe4 25. Na5 Qb5 26. Qf2 Re2 0-1

[Event "Bruges op-B"]
[Site "Bruges"]
[Date "2022.08.14"]
[Round "3"]
[White "Gjymshana, Erik"]
[Black "Hettinga, Jaap"]
[Result "1/2-1/2"]
[WhiteElo "1507"]
[BlackElo "1636"]
[PlyCount "90"]
[EventDate "2022.08.13"]
[EventType "swiss"]
[EventRounds "9"]
[EventCountry "BEL"]
[SourceTitle "CBM 209 Extra"]
[Source "ChessBase"]
[SourceDate "2022.09.30"]
[SourceVersion "1"]
[SourceVersionDate "2022.09.30"]
[SourceQuality "1"]

1. f4 d5 2. Nf3 c5 3. g3 Nc6 4. Bg2 g6 5. 0-0 Bg7 6. d3 Nf6 7. c3 0-0 8. Qe1 Re8 9. e4 dxe4 10. dxe4 Qb6 11. e5 Nd5 12. Na3 Be6 13. Nc4 Qc7 14. Ne3 Nxe3 15. Bxe3 b6 16. h3 Rad8 17. g4 Rd3 18. Ng5 Bc4 19. Be4 Rxe3 20. Qxe3 Bxf1 21. Rxf1 h6 22. Nf3 e6 23. Qf2 Ne7 24. h4 f5 25. exf6 Bxf6 26. g5 Bg7 27. gxh6 Bxh6 28. Ne5 Rf8 29. Qg2 Bxf4 30. Nxg6 Be3+ 31. Kh1 Rxf1+ 32. Qxf1 Nxg6 33. Qg2 Qh7 34. Qxg6+ Qxg6 35. Bxg6 Kg7 36. h5 b5 37. Bd3 c4 38. Be2 Bc1 39. b3 cxb3 40. axb3 Bd2 41. Bxb5 Bxc3 42. Kg2 Kh6 43. Be8 e5 44. Kf3 a5 45. Ke4 Kg5 1/2-1/2